| 000 | 00367nam a2200157Ia 4500 | ||
|---|---|---|---|
| 008 | 210719s1979 xx 000 0 und d | ||
| 041 | _aeng | ||
| 082 | _a370.1 RAIT | ||
| 100 | _aRAI (B C) | ||
| 245 | _aTheory of education. | ||
| 260 |
_aLucknow _bPrakashan Kendra _c1979 |
||
| 300 |
_axvi,381 _bPB |
||
| 365 | _cRs | ||
| 650 | _aEducation | ||
| 906 | _aEducation | ||
| 999 |
_c212466 _d212466 |
||